Quizzes
Events
Quiz Creation
Community
Videos
Private Events
Remove Ads
Sign In
Join for FREE
Feedback
Dark Mode
Quiz Categories
Sports
Geography
Music
Movies
Television
Just For Fun
Miscellaneous
History
Literature
Language
Science
Gaming
Entertainment
Religion
Holiday
For Kids
Quiz Lab
Recent
Popular Today
Quiz Kudos Today
Editor Picks
Curator Picks
Quizzes by...
Day
Popularity
Type
Ratings
Length
Year
Community
Subscriptions
Recent Discussions
Orange Saloon
Badges
Playlists
Quests
Create
Leaderboards
Showdown
Live 5
Trivia Bingo
Activity
Puzzle Library
Sporcle Events
Private Events
Virtual Trivia
Globe League
Become a Host
Pub Owners
SporcleCon
Opinionation
Our Games
Videos
Blog
Mobile Apps
Partnerships
Remove Ads and Go Orange
Feedback
Entertainment
Celebrity
Famous
Musical
Broadway
Show
Quote
Comic Books
Anime
Superhero
DC Comics
Marvel
Cartoons
Animation
Entertainment
Celebrity
Famous
Musical
Broadway
Show
Quote
Comic Books
Anime
Superhero
DC Comics
Marvel
Cartoons
Animation
Random Quiz
Search Sporcle
×
Quiz Lab
Quiz Lab
Entertainment
WWE
Type in answers that appear in a list
Type in answers that appear in a list
Classic
Best Score? Go Orange.
WWE Catchphrases Stats
Can you name the WWE Catchphrases?
By
RyanConnerz
15m
45 Questions
32 Plays
32 Plays
32 Plays
Comments
Comments
Give Quiz Kudos
Give Quiz Kudos
-
- Ratings
hide this ad
Replay
Link that replays current quiz
Next Quiz
Link to next quiz in quiz playlist
You Got
0%
They Got
Avg Score
13%
Avg Friend Score
Upgrade to see
Score Distribution
Jump to the score distribution portion of the page
Score
0/45
Timer
15:00
0
Plays Today
% Correct
The Rock
59.4%
John Cena
40.6%
Undertaker
31.3%
Hulk Hogan
28.1%
Randy Orton
28.1%
Triple H
25%
The Miz
25%
Stone Cold Steve Austin
21.9%
Kane
21.9%
HBK
18.8%
Ric Flair
15.6%
Chris Jericho
15.6%
Cm Punk
15.6%
Daniel Bryan
15.6%
Booker T
12.5%
Kurt Angle
12.5%
DX
12.5%
Bret Hart
12.5%
JBL
12.5%
Mr Kennedy
9.4%
Bubba Ray Dudley
9.4%
Zack Ryder
9.4%
Brock Lesnar
9.4%
% Correct
Jim Ross
9.4%
Ron Simmons
9.4%
Goldberg
9.4%
Alberto Del Rio
9.4%
Rey Mysterio
9.4%
Dolph Ziggler
9.4%
R-Truth
6.3%
Ryback
6.3%
Damien Sandow
6.3%
Kofi Kingston
6.3%
Sting
6.3%
Mr Mcmahon
6.3%
Matt Hardy
6.3%
Michael Cole
3.1%
Vickie Guerrero
3.1%
DDP
3.1%
Nexus
3.1%
Val Venis
3.1%
Paul Bearer
3.1%
Teddy Long
3.1%
Eddie Guerrero
3.1%
Jack Swagger
3.1%
Quiz Playlist
Details
Report
Send in Message
Add To Playlist
Classic:
Type in answers that appear in a list
Last Updated: Feb 16, 2017
Quiz Scoreboard
CHALLENGE
Sign Up to Join the Scoreboard
Show All
Scores
Hide
Comments
May contain spoilers
Recently Published
Presidents Visiting Landmarks
by Hejman
History
7m
An Introduction to Baseball
by treessimontrees
Sports
5m
Movies - When Are They Set?
by FPL_Elf
Movies
5m
More to Explore
Quiz From the Vault
Featured Blog Post
Where Did the Easter Bunny Come From?
hide this ad
You Might Also Like...
Tags
WWE Quiz
catchphrase
Today's Top Quizzes in Entertainment
Browse Entertainment
hide this ad
Today's Top Quizzes in WWE
Browse WWE
Top Contributed Quizzes in Entertainment
1
7-to-1: DC Comics Villains
2
Kamen Rider Motifs
3
Dragon Ball Z: Goku's Fights in Order
4
Marvel Characters Bunker
5
Eurovision 2023 Logic Puzzle
6
Dragon Ball Z: Mega Character Search
7
Criteria Quickie: Cartoon Taxonomy II
8
Fictional Villains Letter U Blitz
9
Sorting Pictures: Villains
10
Who Wants to Be a Millionaire: Anime Edition
Explore More
Trending Topics
Kpop
Harry Potter
Anime
Crossword
Disney
NBA
Marvel
Country
Puzzle
Pokémon
NFL
Soccer
The Office
WWE
Song
hide this ad
More By:
RyanConnerz
Quiz
Plays
Rating
Category
Featured
Created
WWE Catchphrases
32
1.00
Entertainment
Sep 1, 2012
25 WWE CATCHPRASHES
0
1.00
Sports
Sep 1, 2012
Go to Creator's Profile
Score Distribution
Quiz Creator Spotlight
RyanConnerz
Follow
Send a Message
Quizzes Created
-
Created Quiz Play Count
-
More By This Creator
Popular Quizzes Today
1
Find the US States - No Outlines Minefield
2
Find the Countries of Europe - No Outlines Minefield
3
The Countries of the World
4
Find the US States
5
Popular People in 1961
6
US States
7
Risky Map Clicking: Biggest States A-Z
8
1-10 Letter E Words III
More Entertainment Quizzes
📂 Anime Crossovers/Mix (Slideshow)
Quiz Lab
Trending Quizzes
Risky Map Clicking: Least Populous States A-Z
1-10 Letter G Words
1-10 Letter F Words
One Thing in Common: United Kingdom
Risky Map Clicking: Next State Alphabetically
Recently Updated
Leaping Animals
pecheneg
Reality TV Shows (A-Z)
bhenderson79
Rickey Henderson's Hall of Fame Teammates
pecheneg
Champions League XIs: Arsenal
pecheneg
Quick Pick: Celebrities in WWE's Hall of Fame
aduchscher
A-Z Keypad Blitz II
pecheneg
Multiple Oscar Actors
pecheneg
Mystery Phrase Blitz: Oscar 'Best Actors'
pecheneg
F. Scott Fitzgerald Novels
LTH
Pick 3 Villains
ddd62291
Trending Topics
Anime
Crossword
Harry Potter
Kpop
Marvel
NBA
Disney
Country
The Office
NFL
WWE
Puzzle
Song
Soccer
Pokémon
Your Account Isn't Verified!
In order to create a playlist on Sporcle, you need to verify the email address you used during registration. Go to your
Sporcle Settings
to finish the process.
Report this User
Report this user for behavior that violates our
Community Guidelines
.
Details:
Send Report
Go to the Sporcle.com Mobile Site →
Comments